| 000 | 00578nam a2200181Ia 4500 | ||
|---|---|---|---|
| 003 | GCL | ||
| 008 | 140319s9999 xx 000 0 ara d | ||
| 040 |
_aGCL / _cGCL |
||
| 082 | 0 | 4 |
_aد _b050 |
| 100 | 1 | _aاحمد عثمان | |
| 245 | 1 | 0 |
_aالشعر الاغريقى تراثنا انسانيا وعالميا ( عالم المعرفة 77 ) / _cاحمد عثمان |
| 300 | _a406 | ||
| 490 |
_aعالم المعرفة _v0 |
||
| 650 | 0 | 4 | _aالشعر - مجموعات |
| 650 | 0 | 4 | _aالشعر - تاريخ ونقد |
| 650 | 0 | 4 | _aالشعر الاغريقى |
| 942 |
_2ddc _cBK |
||
| 999 |
_c50223 _d50223 |
||